| 000 | 00882nam a2200217 a 4500 | ||
|---|---|---|---|
| 005 | 20240911064128.0 | ||
| 008 | 991125s1978 mx 000 0 spa u | ||
| 035 | _aUPN01000005926 | ||
| 049 | _aCG | ||
| 050 | 4 |
_aHC182 _bB64 |
|
| 245 | 0 | 0 |
_aBolivia y Perú : _binformación y cambio social / _cJorge Calvimontes y Calvimontes ... [et al.]. |
| 260 |
_aMéxico : _bUNAM, Facultad de Ciencias Políticas y Sociales, Centro de Estudios de la Comunicación, _c1978. |
||
| 300 | _a78 p. | ||
| 440 | 0 |
_aCuadernos del Centro de Estudios de la Comunicación ; _v3 |
|
| 500 | _a"Comunicación y dependencia en América Latina" | ||
| 651 | 4 |
_aBolivia _xPolítica y gobierno _95467 |
|
| 651 | 4 |
_aPERU - _xPOLITICA Y GOBIERNO - _vDISCURSOS, ENSAYOS, CONFERENCIAS, ETC. |
|
| 650 | 4 |
_aMedios masivos de comunicación _99547 |
|
| 700 | 1 |
_aCavilmontes y Cavilmontes, Jorge, _ecoaut. |
|
| 905 | _aLibro | ||
| 999 |
_c5926 _d5926 |
||